| 000 | 00720nam a22001577a 4500 | ||
|---|---|---|---|
| 003 | OSt | ||
| 005 | 20151024145805.0 | ||
| 008 | 151024b xxu||||| |||| 00| 0 eng d | ||
| 040 | _cRUA | ||
| 082 | _aAVM NON 2013 B106 Or.1 | ||
| 100 |
_92804 _aNONG, SOMNANG. |
||
| 245 | _astudy on persent of nematodes gastrointestinal in crossbreed pigs at baty district, takeo province (ការសិក្សាពីវត្តមាន nematodes កើតមាននៅក្នុងក្រពះពោះវៀនជ្រូកពូជកូនកាត់ នៅស្រុកបាទីខេត្តតាកែវ) | ||
| 260 |
_aPhnom Penh _bRUA _c2013 |
||
| 300 |
_aviii, 43p. _bill. _c29cm. |
||
| 942 |
_2ddc _cAVM |
||
| 999 |
_c2623 _d2623 |
||